[Event "LTU-ch (Women)"]
[Site "Nemencine"]
[Date "2011.04.28"]
[Round "6"]
[White "Lepeskaite, Migle"]
[Black "Sulikiene, Kristina"]
[Result "1-0"]
[WhiteElo "1782"]
[BlackElo "2000"]
[PlyCount "104"]
[EventDate "2011.04.25"]
[EventType "swiss"]
[EventRounds "9"]
[EventCountry "LTU"]
[SourceTitle "CBM 142 Extra"]
[Source "ChessBase"]
[SourceDate "2011.06.27"]
[SourceVersion "1"]
[SourceVersionDate "2011.06.27"]
[SourceQuality "1"]

1. d4 Nf6 2. c4 e6 3. g3 Bb4+ 4. Bd2 Qe7 5. Bg2 Bxd2+ 6. Nxd2 Nc6 7. Ngf3 0-0 8. 0-0 d6 9. Re1 e5 10. e3 h6 11. Nb3 Bg4 12. Qc1 e4 13. Nfd2 Nb4 14. Qc3 Nd3 15. Reb1 d5 16. Nc1 Nb4 17. a3 Nc6 18. cxd5 Nxd5 19. Qb3 Nf6 20. Qxb7 Nxd4 21. exd4 Rab8 22. Qc6 e3 23. Ne4 exf2+ 24. Nxf2 Bf5 25. Ncd3 Rb3 26. Re1 Qd8 27. Qc4 Qb8 28. Rac1 a5 29. Rc3 Rxc3 30. bxc3 Qb6 31. Qc5 Qxc5 32. Nxc5 Rb8 33. h3 Kf8 34. g4 Bc8 35. Nfd3 Rb6 36. Kh2 g6 37. Kg3 h5 38. Ne5 Rb2 39. Rf1 Kg7 40. g5 h4+ 41. Kxh4 Rxg2 42. Rxf6 Rh2 43. Rxf7+ Kg8 44. Rf3 Kg7 45. Nc4 Ra2 46. a4 Bf5 47. Nxa5 Re2 48. Nc4 Re8 49. a5 Rh8+ 50. Kg3 Rxh3+ 51. Kg2 Rh8 52. Ne3 Bd7 1-0